| 000 | 00448nam a2200193Ia 4500 | ||
|---|---|---|---|
| 003 | 0100 | ||
| 008 | 130303s9999 xx 000 0 und d | ||
| 040 | _cARRUPELIB | ||
| 050 | _aLA15.F7 | ||
| 100 | _aFrost, S.E. | ||
| 245 | _aHistory of education | ||
| 260 | _aWoodbury | ||
| 260 | _bBarron's educational Series | ||
| 260 | _C1947 | ||
| 300 | _av | ||
| 300 | _b 206p. 20cm. | ||
| 650 | _bPastoral theology - Addresses | ||
| 942 |
_2lcc _08 |
||
| 999 |
_c66093 _d66093 |
||